Joueurs français ayant joué au FC Liverpool - Statistiques

Statistiques générales
  • Ce quiz a été pris 89 fois
  • Le résultat moyen est 6 sur 19
Statistiques - réponses
Année d'arrivée Année de départ Club précédant Club suivant Nombre de match Joueurs % Correct
2025 En cours Eintracht Francfort En cours 41 Hugo Ekitiké
97%
2021 En cours RB Leipzig En cours 172 Ibrahima Konaté
94%
2004 2006 AJ Auxerre Olympique de Marseille 79 Djibril Cissé
68%
2026 En cours Stade Rennais FC En cours 0 Jérémy Jacquet
63%
2013 2017 Paris Saint-Germain Crystal Palace 80 Mamadou Sakho
57%
2001 2002 Paris Saint-Germain Paris Saint-Germain 22 Nicolas Anelka
48%
2002 2008 Le Havre AC Le Mans UC 72 32 Anthony Le Tallec
42%
2002 2006 Le Havre AC Recreativo Huelva 66 Florent Sinama-Pongolle
37%
2002 2005 Bayern Munich RC Lens 0 Alou Diarra
11%
2008 2011 Paris Saint-Germain Bolton Wanderers 94 David N'Gog
11%
2013 2014 FC Valencia FC Valencia 19 Aly Cissokho
10%
2002 2005 LOSC Lille FC Girondins de Bordeaux 48 Bruno Cheyrou
9%
2018 2024 US Olréans Dundee FC 2 Billy Koumetio
6%
2000 2003 AJ Auxerre AC Ajaccio 5 Bernard Diomède
4%
2007 2010 Olympique Lyonnais B Panathinaikos FC 8 Damien Plessis
1%
2000 2006 Montpellier Hérault SC Portsmouth 20 Grégory Vignal
1%
1998 1999 Istanbulspor FC Sochaux-Montbéliard 2 Jean-Michel Ferri
1%
2000 2003 Leicester City Coventry City 6 Pegguy Arphexad
1%
2002 2005 AC Ajaccio Excelsior Mouscron 1 Patrice Luzi
0%
Aucun quiz correspondant
Distribution des résultats
% des personnes avec chaque résultat
Percentile par nombre de réponses
Votre historique - résultats
Vous n’avez pas pris ce quiz